000 00335nam a2200145Ia 4500
008 230917s9999||||xx |||||||||||||| ||und||
040 _e105361
_aMAIN
041 _aEnglish
082 _a005.133 P199C
100 _aPappas, Chris H
245 0 _aC++ essentials
260 _aNew Delhi
_bPHI
_c2002
300 _a388 p.
942 _cBK
999 _c119511
_d119511